Návrh na zvýšenie motivácie založenej na solidarite zamestnancov v HB STEEL, s.r.o. podľa jednotlivých typov generácií

Guardado en:
Detalles Bibliográficos
Autor principal: Moravanská, Monika (Autor)
Otros Autores: Novotná, Ivana (Orientador)
Formato: Manuscrito Libro
Lenguaje:eslovaco
Publicado: 2020
Materias:
Acceso en línea:http://is.stuba.sk/zp/portal_zp.pl?podrobnosti=153642
Etiquetas: Agregar Etiqueta
Sin Etiquetas, Sea el primero en etiquetar este registro!

MARC

LEADER 00000ntm a22000003a 4500
001 stuzp73222
003 SK-STU
005 20200704210628.9
007 ta
008 150427s2015----xo-----f-mn---000-0-slo-d
040 |a STU  |b slo 
041 0 |a slo 
100 1 |a Moravanská, Monika  |u 064000  |k Z4  |4 aut  |U MTF Materiálovotechnologická fakulta  |T MTF Ústav priemyselného inžinierstva a manažmentu  |X 61374  |U M4000  |Y 84  |7 61374 
242 0 1 |a Proposal for increasing of motivation based on solidarity of employees in HB STEEL, s.r.o. according to individual types of generations  |y eng 
245 1 0 |a Návrh na zvýšenie motivácie založenej na solidarite zamestnancov v HB STEEL, s.r.o. podľa jednotlivých typov generácií 
260 |c 2020 
650 4 |a Motivácia zamestnancov  |2 slo 
650 4 |a Solidarita  |2 slo 
650 4 |a Generácia X  |2 slo 
650 4 |a Motivation of employees  |2 eng 
650 4 |a Solidarity  |2 eng 
650 4 |a Generation X  |2 eng 
700 1 |a Novotná, Ivana  |u 060100  |k Z1  |4 ths  |U MTF Materiálovotechnologická fakulta  |T MTF Centrum jazykov, humanitných vied a akademického športu  |X 46421  |U M0100  |Y 472  |7 A000046421 
856 4 |u http://is.stuba.sk/zp/portal_zp.pl?podrobnosti=153642 
996 |c M* DP-14130  |l MMSKP  |s P  |a 0  |w stuzp73222_0001